=LDR 00000nam 2200000 4500 =001 INLIS000000000041108 =005 20210111091459 =035 ##$$a 0010-061300000041108 =008 210111################g##########0#ind## =041 ##$$a ind =082 ##$$a 322.42 =090 ##$$a 322.42 , Kar ,m =245 ##$$a Kartosoewirjo : $b Mimpi negeri islam /$c Nugroho Dewanto {at,all} =260 ##$$a Jakarta :$b Tempo,$c 2011 =300 ##$$a xi, 146 hlm. : $b ilus. ; $c 24 x 16 cm, =650 #4$$a Pemberontakan - Kartosoewirjo =850 ##$$a NBPNMAT =084 ##$$a 322.42 KAR k =700 #$$a Nugroho Dewanto =990 ##$$a 21113143 =990 ##$$a 21113144